| 000 | 00624cam a2200229 a 4500 | ||
|---|---|---|---|
| 001 | 12512538 | ||
| 003 | 0 | ||
| 005 | 20170119130518.0 | ||
| 008 | 010824s2003 mauab b 001 0 eng | ||
| 020 | _a9780072550986 | ||
| 040 | _cSPU | ||
| 042 | _apcc | ||
| 050 | 0 | 0 |
_aHF5438.25 _b.F86 2003 |
| 100 | 1 | _aFutrell, Charles. | |
| 245 | 1 | 0 |
_aABC's of relationship selling / _cCharles M. Futrell. |
| 250 | _a7th ed. | ||
| 260 |
_aBoston, Mass. : _bMcGraw-Hill, _c2003. |
||
| 300 |
_axix, 470 p. : _bill., map ; _c26 cm. + |
||
| 504 | _aIncludes bibliographical references and index. | ||
| 650 | 0 | _aSelling. | |
| 942 |
_2lcc _cBK |
||
| 999 |
_c47995 _d47995 |
||